| 000 | 00478nam a2200181Ia 4500 | ||
|---|---|---|---|
| 005 | 20250508151740.0 | ||
| 008 | 008 250505s9999 xx 000 0 hin d | ||
| 037 | _aTextual | ||
| 040 |
_aFEDL _beng _cFEDL |
||
| 041 |
_ahin _2eng |
||
| 084 |
_a901, CHO _qFEDL |
||
| 100 |
_aChodhary Radha Krishan _9759879 |
||
| 245 | 0 | _aVishwa itihas ki rooprekha, Do bhagon mein | |
| 260 | _c1952 | ||
| 300 | _a330p | ||
| 942 |
_cTEXL _h901, CHO |
||
| 999 |
_c1331893 _d1331893 |
||